El arte del mueble = the art of iron furniture / (Registro nro. 11520)

Detalles MARC
000 -LIDER
fixed length control field 01168nam a22003377a 4500
001 - NÚMERO DE CONTROL
Identificador de número de control 0011605
003 - IDENTIFICACDOR DE NÚMERO DE CONTROL
control field DO-SdBNP
005 - DATE AND TIME OF LATEST TRANSACTION
control field 20170915110926.0
007 - CAMPOS FIJOS DE DESCRIPCIÓN FÍSICA
fixed length control field 0011605
008 - ELEMENTOS DE LONGITUD FIJA
fixed length control field 161011b 2004 sp||||| |||| 00| 0 spa d
020 ## - ISBN
International Standard Book Number 8495818248
040 ## - FUENTE DE CATALOGACIÓN
Agencia que crea de manera original el registro BPMSU
Idioma de catalogación spa
Agencia que realiza la transcripción BPMSU
082 ## - NÚMERO DE CLASIFICACIÓN DECIMAL DE DEWEY
Classification number 684.105
Item number A111m
245 03 - MENCIÓN DE TITULO
Título El arte del mueble = the art of iron furniture /
Mención de responsabilidad creación David Fernández García ; dirección editorial Hugo Quiroga Capovilla
246 31 - VARIACION DEL TÍTULO
Título propiamente dicho o título corto The art of iron furniture
260 0# - PUBLICACIÓN, DISTRIBUCIÓN, ETC. (PIE DE IMPRENTA)
Lugar de publicación, distribución, etc Córdoba, España :
Nombre del editor, distribuidor, etc. Daly,
Fecha de publicación, distribución, etc 2004.
300 ## - DESCRIPCIÓN FÍSICA
Extensión 4v. :
Otros detalles físicos il.,
Dimensiones 30 cm.
500 ## - NOTA GENERAL
Nota general Texto en español e inglés
505 0# - NOTA DE CONTENIDO
Información miscelánea v.1.
Texto normalizado de contenido Dormitorios = Bedrooms
505 0# - NOTA DE CONTENIDO
Información miscelánea v.2.
Texto normalizado de contenido Mueble auxiliar = Auxiliar furniture
505 0# - NOTA DE CONTENIDO
Información miscelánea v.3.
Texto normalizado de contenido Comedores = Dining-rooms
505 0# - NOTA DE CONTENIDO
Información miscelánea v.4.
Texto normalizado de contenido Mesas y asientos = Tables and seats
505 0# - NOTA DE CONTENIDO
Información miscelánea v.1.
Texto normalizado de contenido Dormitorios = Bedrooms
650 #4 - ENCABEZAMIENTO DE MATERIA--TEMÁTICO
Término temático o nombre geográfico como elemento de entrada MUEBLES EN HIERRO FORJADO
700 12 - ASIENTO SECUNDARIO -- NOMBRE PERSONAL
Nombre personal Fernández García, David
700 1# - ASIENTO SECUNDARIO -- NOMBRE PERSONAL
Nombre personal Quiroga Capovilla, Hugo,
Mención de responsabilidad dir. ed.
910 ## - VALIDACIÓN
Validación Validado. Control de calidad MFF
942 ## - ADDED ENTRY ELEMENTS (KOHA)
Source of classification or shelving scheme Dewey Decimal Classification
Koha item type Libros
945 ## - INFORMACIÓN DE PROCESAMIENTO LOCAL
Información de procesamiento local Inventariado, 2017/MFF
956 ## - LOCAL ELECTRONIC LOCATION AND ACCESS (OCLC)
Nombre de host BTAVÁREZ
Número de acceso 10
Información de compresión 20161011
Trayectoria 0011605
Existencias
Withdrawn status Lost status Source of classification or shelving scheme Damaged status Not for loan Collection code Home library Current library Date acquired Source of acquisition Total Checkouts Full call number Barcode Date last seen Price effective from Koha item type
    Dewey Decimal Classification     Colección General Biblioteca Pública Metropolitana Salomé Ureña Biblioteca Pública Metropolitana Salomé Ureña 10/11/2016 Sin sellar   684.105 M111m v.1 BPMSU16100077 10/11/2016 10/11/2016 Libros
    Dewey Decimal Classification     Colección General Biblioteca Pública Metropolitana Salomé Ureña Biblioteca Pública Metropolitana Salomé Ureña 10/11/2016 Sin sellar   684.105 M111m v.2 BPMSU16100078 10/11/2016 10/11/2016 Libros
    Dewey Decimal Classification     Colección General Biblioteca Pública Metropolitana Salomé Ureña Biblioteca Pública Metropolitana Salomé Ureña 10/11/2016 Sin sellar   684.105 M111m v.3 BPMSU16100079 10/11/2016 10/11/2016 Libros
    Dewey Decimal Classification     Colección General Biblioteca Pública Metropolitana Salomé Ureña Biblioteca Pública Metropolitana Salomé Ureña 10/12/2016 Sin sellar   684.105 M111m v.4 BPMSU16100136 10/12/2016 10/12/2016 Libros